<?xml version="1.0" encoding="UTF-8"?>
<collection xmlns="http://www.loc.gov/MARC21/slim">
 <record>
  <leader>02677cam a2200241 a 4500</leader>
  <controlfield tag="001">1/36787</controlfield>
  <controlfield tag="008">090213s2006    enka     b    001 0 eng d</controlfield>
  <datafield tag="020" ind1=" " ind2=" ">
   <subfield code="a">0199283877</subfield>
  </datafield>
  <datafield tag="020" ind1=" " ind2=" ">
   <subfield code="a">9780199283873</subfield>
  </datafield>
  <datafield tag="035" ind1=" " ind2=" ">
   <subfield code="l">39380</subfield>
  </datafield>
  <datafield tag="040" ind1=" " ind2=" ">
   <subfield code="a">EQO</subfield>
   <subfield code="d">GR-PeUP</subfield>
  </datafield>
  <datafield tag="082" ind1="0" ind2="0">
   <subfield code="a">303.48΄4 SOC</subfield>
  </datafield>
  <datafield tag="245" ind1="0" ind2="0">
   <subfield code="a">Social entrepreneurship :</subfield>
   <subfield code="b">new models of sustainable social change /</subfield>
   <subfield code="c">edited by Alex Nicholls.</subfield>
  </datafield>
  <datafield tag="260" ind1=" " ind2=" ">
   <subfield code="a">Oxford ;</subfield>
   <subfield code="a">New York :</subfield>
   <subfield code="b">Oxford University Press,</subfield>
   <subfield code="c">c2006.</subfield>
  </datafield>
  <datafield tag="300" ind1=" " ind2=" ">
   <subfield code="a">xxx, 444 σ. :</subfield>
   <subfield code="b">εικ. ;</subfield>
   <subfield code="c">24 εκ.</subfield>
  </datafield>
  <datafield tag="504" ind1=" " ind2=" ">
   <subfield code="a">Περιέχει βιβλιογραφία και ευρετήριο.</subfield>
  </datafield>
  <datafield tag="505" ind1="0" ind2=" ">
   <subfield code="a">Social business entrepreneurs are the solution / Muhammad Yunus -- The citizen sector transformed / Bill Drayton -- For what it is worth : social value and the future of social entrepreneurship / Rowena Young -- Cultivating the other invisible hand of social entrepreneurship : comparative advantage, public policy, and future research priorities / Geoff Mulgan -- Social entrepreneurship : the structuration of a field / Alex Nicholls and Albert Hyunbae Cho -- Social entrepreneurship : agency in a globalizing world / Paola Greneir -- Rhetoric, reality, and research : building a solid foundation for the practice of social entrepreneurship / Beth Battle Anderson and J. Gregory Dees -- Social entrepreneurship : it is for corporations, too / James E. Austin ... [et al.] -- Social entrepreneurship : exploring a cultural mode amidst others in the Church of England / Doug Foster -- Social enterprise models and their mission and money relationships / Sutia Kim Alter -- The socially entrepreneurial city / Charles Leadbeater -- Helping people is difficult : growth and performance in social enterprises working for international relief and development / Alex Jacobs -- The social entrepreneurship collaboratory (SE Lab) : a university incubator for a rising generation of social entrepreneurs / Gordon M. Bloom -- Wayfinding without a compass : philanthropy's changing landscape and its implications for social entrepreneurs / Sally Osberg -- Delivering on the promise of social entrepreneurship : challenges faced in launching a global social capital market / Pamela Hartigan -- Social entrepreneurship : the promise and the perils / Jerr Boschee -- Moving ahead together : implications of a blended value framework for the future of social entrepreneurship / Jed Emerson.</subfield>
  </datafield>
  <datafield tag="650" ind1=" " ind2="4">
   <subfield code="a">Social entrepreneurship.</subfield>
  </datafield>
  <datafield tag="650" ind1=" " ind2="4">
   <subfield code="a">Social change.</subfield>
  </datafield>
  <datafield tag="700" ind1="1" ind2=" ">
   <subfield code="a">Nicholls, Alex.</subfield>
  </datafield>
  <datafield tag="852" ind1=" " ind2=" ">
   <subfield code="a">INST</subfield>
   <subfield code="b">UNIPILB</subfield>
   <subfield code="c">MAIN</subfield>
   <subfield code="e">20090213</subfield>
   <subfield code="h">303.48΄4 SOC</subfield>
   <subfield code="p">00157644</subfield>
   <subfield code="q">00157644</subfield>
   <subfield code="t">LOAN</subfield>
   <subfield code="y">4</subfield>
   <subfield code="x">20171009</subfield>
   <subfield code="4">1</subfield>
  </datafield>
  <datafield tag="856" ind1="4" ind2=" ">
   <subfield code="d">/webopac/covers/02/39380_0199283877.jpg</subfield>
  </datafield>
  <datafield tag="856" ind1="4" ind2=" ">
   <subfield code="d">/webopac/covers/02/39380_9780199283873.jpg</subfield>
  </datafield>
 </record>
</collection>
